• 首页
  • 本馆介绍
  • 公告通知
  • 最新文献
  • 馆藏检索
  • 电子资源
  • 读者导购
  • 参考咨询
  • 我的图书馆
  • 登录
  • 详细信息显示
  • 放入我的书架
  • 预约/预借图书
  • 作者相关作品
  • 分类相关作品
  • 丛书相关作品
  • 出版社相关作品

书目信息

  • 表格格式
  • 工作单格式
  • 卡片格式
题名:
激昂的青春梦
    
 
作者: 索玉倩 著
分册:  
出版信息: 北京   人民日报出版社  2017.12
页数: 262页
开本: 17cm
丛书名:
单 册:
中图分类: G643.245
科图分类:
主题词: 中国农业大学--研究生--社会实践
电子资源:
ISBN: 978-7-5115-5162-7
000 00974nam0 2200229 45
001 012001003582
005 20140926114739.0
010    @a978-7-5115-5162-7@dCNY49.80
100    @a20171218d2017 em y0chiy0110 ea
101 0  @achi
102    @aCN@b110000
105    @ay z 000yy
106    @ar
200 1  @a激昂的青春梦@9ji ang de qing chun meng@f索玉倩等著
210    @a北京@c人民日报出版社@d2017.12
215    @a262页@d17cm
330    @a本书讲述了中国农业大学名研究生驻扎河北曲周科技小院开展科学研究和服务“三农”的故事,全景展示了驻扎科技小院的研究生们在农业生产一线的点点滴滴和所见、所闻、所系、所感。在农村一线开展有关科研工作对于推动中国农业发展、促进脱贫攻坚具有重要意义。一批又一批青年学子深入农村进行农业生产实践,诠释了中国农业大学“解民生之多艰,育天下之英才”的校训。
606 0  @a中国农业大学@x研究生@x社会实践
690    @aG643.245@v5
701  0 @a索玉倩@9suo yu qian deng@4著
801  0 @aCN@b上海新华@c20180901
905    @b1154583-7@dG643.245@e1048@f5
    
    激昂的青春梦/索玉倩等著.-北京:人民日报出版社,2017.12
    262页;17cm
    
    
    ISBN 978-7-5115-5162-7:CNY49.80
    本书讲述了中国农业大学名研究生驻扎河北曲周科技小院开展科学研究和服务“三农”的故事,全景展示了驻扎科技小院的研究生们在农业生产一线的点点滴滴和所见、所闻、所系、所感。在农村一线开展有关科研工作对于推动中国农业发展、促进脱贫攻坚具有重要意义。一批又一批青年学子深入农村进行农业生产实践,诠释了中国农业大学“解民生之多艰,育天下之英才”的校训。
●
相关链接 在E读中查询图书 在五车中查询图书 在当当中查询图书 在豆瓣中查询图书


正题名:激昂的青春梦     索取号:G643.245/1048         预约/预借

序号 登录号 条形码 馆藏地/架位号 状态 备注
1 1154583   211545835   第一样本阅览室/ [索取号:G643.245/1048] 在馆    
2 1154584   211545844   第四借阅区/ [索取号:G643.245/1048] 在馆    
3 1154585   211545853   第四借阅区/ [索取号:G643.245/1048] 在馆    
4 1154586   211545862   第四借阅区/ [索取号:G643.245/1048] 在馆    
5 1154587   211545871   第四借阅区/ [索取号:G643.245/1048] 在馆    
唐山师范学院图书馆 欢迎您!
大连网信软件有限公司© 版权所有